Real Madrid CF Squad 2025-2026 - Statistics

General Stats
  • This quiz has been taken 1,087 times
    307 since last reset
  • The average score is 24 of 28
Answer Stats
# Position Nation Player % Correct
10 FW France Kylian Mbappé
98%
1 GK Belgium Thibaut Courtois
98%
7 FW Brazil Vinícius Júnior
98%
8 MF Uruguay Federico Valverde
95%
5 MF England Jude Bellingham
95%
15 FW Turkey Arda Güler
94%
11 FW Brazil Rodrygo
94%
14 MF France Aurélien Tchouaméni
92%
6 MF France Eduardo Camavinga
92%
13 GK Ukraine Andriy Lunin
91%
4 DF Austria David Alaba
91%
22 DF Germany Antonio Rüdiger
90%
3 DF Brazil Éder Militão
90%
2 DF Spain Daniel Carvajal
89%
12 DF England Trent Alexander-Arnold
87%
21 FW Morocco Brahim Díaz
86%
23 DF France Ferland Mendy
83%
- Coach Spain Álvaro Arbeloa
82%
9 FW Brazil Endrick
82%
16 FW Spain Gonzalo García
81%
- Coach Spain Xabi Alonso
81%
30 FW Argentina Franco Mastantuono
78%
24 DF Spain Dean Huijsen
77%
20 DF Spain Fran García
77%
17 DF Spain Raúl Asencio
69%
18 DF Spain Álvaro Carreras
67%
19 MF Spain Dani Ceballos
64%
45 MF Spain Thiago Pitarch
53%
No matching quizzes found
Score Distribution
Percent of People with Each Score
Percentile by Number Answered
Your Score History
You have not taken this quiz since the last reset